000
00304nam a2200109Ia 4500
008
200302s9999 xx 000 0 und d
100
_a
Tianjian Ji and Others
245
_a
Understanding and using structural concepts 2nd ed
260
_b
CRC Press Tyalor and Francis Group
260
_c
2016
300
_a
374
999
_c
6525
_d
6525